[Event "Challenge"]
[Site "http://www.queenalice.com/game.php?id=706498"]
[Date "2009.12.31"]
[Round "-"]
[White "Code_Geass"]
[Black "RenatoAraujo"]
[Result "0-1"]
[WhiteElo "1445"]
[BlackElo "1779"]

1. d4 Nf6 2. Nf3 g6 3. e3 Bg7 4. Nc3 d5 5. h3 c5 6. dxc5 Qa5 7. c6 bxc6 8. Bd2
Qc7 9. a3 O-O 10. Bd3 e5 11. Be2 Bf5 12. O-O Nbd7 13. Nh4 Be6 14. e4 d4 15. Na2
Nxe4 16. c3 c5 17. Be1 Rab8 18. b4 c4 19. cxd4 exd4 20. f3 d3 21. fxe4 dxe2 22.
Qxe2 Bxa1 23. Nc3 Qe5 24. Nf3 Qg7 25. Nd5 Bxd5 26. exd5 Nb6 27. Bg3 Rbd8 28. d6
Rfe8 29. Qd1 Bf6 30. Rf2 c3 31. Rc2 Nc4 32. d7 Re7 0-1

[Event "Challenge"]
[Site "http://www.queenalice.com/game.php?id=706517"]
[Date "2009.12.31"]
[Round "-"]
[White "sermino50"]
[Black "Code_Geass"]
[Result "1-0"]
[WhiteElo "1316"]
[BlackElo "1376"]

1. d4 Nf6 2. e3 d5 3. Nc3 c6 4. g3 Nbd7 5. Nf3 e6 6. Bh3 h6 7. Ne5 Nxe5 8. dxe5
Nd7 9. O-O Qg5 10. f4 Qg6 11. Rb1 Be7 12. g4 f5 13. Na4 O-O 14. c3 h5 15. b4
hxg4 16. Bg2 Kf7 17. Nc5 Nxc5 18. bxc5 Bxc5 19. h3 gxh3 20. Rf2 hxg2 21. a4 Rh8
22. Rxg2 Qh6 23. Kf2 Qh4+ 24. Ke2 b6 25. Qg1 1-0

[Event "AUTO-OPEN-1820"]
[Site "http://www.queenalice.com/game.php?id=706638"]
[Date "2010.1.1"]
[Round "1"]
[White "Code_Geass"]
[Black "Kikof"]
[Result "0-1"]
[WhiteElo "1429"]
[BlackElo "1850"]

1. d4 d5 2. e3 a6 3. h3 Nc6 4. c4 Bf5 5. Nc3 e6 6. a3 Nf6 7. Qb3 dxc4 8. Qxb7
Na5 9. Qf3 Nb3 10. Rb1 Bxb1 0-1

[Event "AUTO-OPEN-1820"]
[Site "http://www.queenalice.com/game.php?id=706639"]
[Date "2010.1.1"]
[Round "1"]
[White "Kikof"]
[Black "Code_Geass"]
[Result "1-0"]
[WhiteElo "1882"]
[BlackElo "1358"]

1. e4 Nc6 2. d4 d5 3. e5 e6 4. f4 h6 5. Nf3 Nge7 6. Nc3 a6 7. g4 Ng6 8. Be3 Be7
9. Qe2 O-O 10. g5 Bb4 11. O-O-O h5 12. h4 Bxc3 13. bxc3 Qe7 14. Kd2 f5 15. gxf6
gxf6 16. Rg1 Kg7 17. Qg2 Qf7 18. Bd3 f5 19. Ng5 1-0

[Event "Challenge"]
[Site "http://www.queenalice.com/game.php?id=707149"]
[Date "2010.1.2"]
[Round "-"]
[White "Code_Geass"]
[Black "marysson"]
[Result "1-0"]
[WhiteElo "1429"]
[BlackElo "1303"]

1. d4 Nf6 2. e3 d5 3. a3 g6 4. h3 Bg7 5. c4 c6 6. Nc3 Nbd7 7. Qf3 Ne4 8. Nxe4
dxe4 9. Qxe4 O-O 10. Bd3 c5 11. Ne2 cxd4 12. exd4 Re8 13. O-O e5 14. Qd5 Nb6 15.
Qxd8 Rxd8 16. d5 Bf8 17. Bg5 Rd7 18. f3 Rd6 19. Nc3 Bg7 20. Rae1 h6 21. Be3 Bf5
22. Bxf5 g5 23. c5 Rf6 24. cxb6 a6 25. Be4 Rc8 26. Rd1 h5 27. Bxg5 Rxb6 28. d6
Rxb2 29. d7 1-0

[Event "AUTO-INT-1578"]
[Site "http://www.queenalice.com/game.php?id=714035"]
[Date "2010.1.15"]
[Round "1"]
[White "Code_Geass"]
[Black "Fhassuo"]
[Result "0-1"]
[WhiteElo "1431"]
[BlackElo "1606"]

1. Nf3 d5 2. d4 Nc6 3. c4 dxc4 4. e3 b5 5. b3 c3 6. Bxb5 Bd7 7. Nxc3 a6 8. Ba4
Nf6 9. Ba3 a5 10. h3 Nb4 11. Bxd7+ Qxd7 12. Bxb4 axb4 13. Ne5 Qf5 14. Nb5 Rc8
15. O-O g6 16. g4 Qe4 17. Rc1 Bh6 18. Nxc7+ Rxc7 19. Rxc7 O-O 0-1

[Event "AUTO-INT-1578"]
[Site "http://www.queenalice.com/game.php?id=714036"]
[Date "2010.1.15"]
[Round "1"]
[White "Fhassuo"]
[Black "Code_Geass"]
[Result "1-0"]
[WhiteElo "1615"]
[BlackElo "1422"]

1. e4 Nc6 2. Bc4 e5 3. Nf3 d6 4. Nc3 a6 5. a4 Nf6 6. Ng5 Qd7 7. Bxf7+ Kd8 8. Be6
Qe7 9. Bxc8 Rxc8 10. d3 h6 11. Nf3 g5 12. h3 Bg7 13. Nd5 Nxd5 14. exd5 Nd4 15.
Nxd4 exd4+ 16. Qe2 Qxe2+ 17. Kxe2 Re8+ 18. Kd2 Kd7 19. b3 Re7 20. Bb2 1-0